00697cam a22002411 4500001001300000003000400013005001700017008004100034010001700075035002000092040002100112042001200133050001400145100002500159245005600184260004300240300002300283410006100306502002600367500001000393611003500403999001700438g 01001668 DLC20260227111255.0930706s1898 gw 000 0 ger  ag 01001668  a(OCoLC)28387355 aDLCcCUdCUdDLC apremarc00aDB77b.R51 aRitter, Paul,d1872-04aDie Konvention von Reichenbachb(27. Juli 1790) ... aBerlin,bBuchdr. von A. Winserc[1898] a34, [2] p.c22 cm.10a[Berlin.bUniversität.tDissertationen,vv. 19, no. 7] aInaug.-diss.--Berlin. aVita.20aReichenbach Conventiond(1790) c23807d23807